000 00895cam a22002533a 4500
001 10467
003 PGUSA
005 20140828083225.0
008 031201s2003||||xxu|||||s|||||000 | eng d
040 _aPGUSA
_beng
042 _adc
050 4 _aPR
245 1 2 _aA Select Collection of Old English Plays, Volume 8
_h[electronic resource]
260 _bProject Gutenberg,
_c2003
505 0 _aSummer's last will and testament -- Downfall fo Robert, earl of Huntington -- Death of Robert, earl of Huntington -- Contention between liberality and prodigality -- Grim the collier of Croydon.
506 _aPublic domain in the USA.
516 _aElectronic text
653 _aEnglish drama
700 1 _aHazlitt, William Carew,
_d1834-1913
700 1 _aDodsley, Robert,
_d1703-1764
830 0 _aProject Gutenberg
_v10467
856 4 0 _uhttp://www.gutenberg.org/ebooks/10467
942 _cEB
999 _c239722
_d239722